00452 a2200169 450000100060000002000180000604000260002410000180005024000200006824500150008830000070010336200090011065000310011994200070015095201080015799900170026548464 a9788555430961 cAnchieta - Bela Vista aKunnas, Mauri10aRobin Hoodlpor10aRobin Hood a470 a2017 4aLiteratura infanto-juvenil cBK 00104070a91.4b91.4d2023-11-21l0o028.5 K96r KUN ROBp477/BELr2023-11-29 10:47:46w2023-11-21yBK c48464d48464